02179nam a2200193Ia 450000500170000000800410001702000180005805000230007610000370009924500970013625000190023326000340025230000440028650001220033050400410045250514060049365000440189970000420194320231102151917.0120625s2015 mx am 001 0 esp d a978607172484714aHD37.E76bM85 20151 aMünch Galindo, Lourdeseautora10aFundamentos de administración c/ Lourdes Münch Galindo y José G. García Martínez. a11a. edición3 aMéxico b: Trillas c, 2015 a276 páginasb: ilustracionesc; 23 cm aIncluye glosario (pp. 263-264) Incluye índice onomástico (pp. 269-270) Incluye índice analítico (pp. 271-276) aIncluye bibliografía (pp. 265-267)1 aUnidad 1: Introducción al estudio de la administración Antecedentes históricos ¿Qué es una organización? Niveles jerárquicos Cadena de mando Concepto de administración Características Importancia Ciencias y técnicas auxiliares de la administración El proceso administrativo Unidad 2: Empresa La empresa conceptuada como un sistema Funciones sustantivas y adjetivas de la empresa Clasificación Propósito o valores institucionales de la empresa Áreas de actividad (funciones básicas de la empresa) Recursos Unidad 3: Planeación Objetivos Concepto Importancia Principios Tipología de la planeación Premisas Evaluación de amenazas y oportunidades: y los puntos fuertes y débiles de la empresa Elementos de planeación Técnicas de planeación Unidad 4: Organización Objetivos Concepto Importancia Principios Etapas de organización Tipología de la organización Reorganización Técnicas de organización Análisis de puestos Unidad 5: Dirección Objetivos Concepto Importancia principios Etapas de dirección Unidad 6: Control Objetivos Concepto Importancia Principios Procesos de control Características Factores que comprende el control El control y su periodicidad Control por áreas funcionales Unidad 7: Evolución de la teoría administrativa Objetivos Escuelas de la teoría administrativa Escuela de administración empírica14aADMINISTRACIÓNxESTUDIO Y ENSEÑANZA1 aGarcía Martínez, José G.eautor